| 000 | 00911cam a2200277 4500 | ||
|---|---|---|---|
| 001 | 3127675 | ||
| 003 | OSt | ||
| 005 | 20140310181623.0 | ||
| 008 | 710809s1971 cau b 000 0 eng | ||
| 010 | _a 70154816 | ||
| 020 | _a0878720073 | ||
| 040 |
_aDLC _cDLC _dDLC |
||
| 043 | _an-us--- | ||
| 050 | 0 | 0 |
_aE 185.615 _b.D997 1971 |
| 082 | 0 | 0 |
_aHS 322.4 _bD99 1971 |
| 100 | 1 |
_aDymally, Mervyn M., _d1926- _ecomp. _911814 |
|
| 245 | 0 | 4 |
_aThe Black politician; his struggle for power. _cEdited by Mervyn M. Dymally. With the assistance of Andrew B. Schmookler. |
| 260 |
_aBelmont, Calif., _bDuxbury Press _c[1971] |
||
| 300 |
_a144 p. _c23 cm. |
||
| 650 | 0 |
_aAfrican Americans _xPolitics and government. _911815 |
|
| 650 | 0 |
_aAfrican American politicians. _911816 |
|
| 650 | 0 |
_aBlack power _zUnited States. _911817 |
|
| 906 |
_a7 _bcbc _corignew _d2 _encip _f19 _gy-gencatlg |
||
| 942 |
_2lcc _cHS _kHS |
||
| 999 |
_c211 _d211 |
||